Intangible Culture of Bhutan, (Record no. 9569)
[ view plain ]
| 000 -LEADER | |
|---|---|
| fixed length control field | 00428nam a22001457a 4500 |
| 008 - FIXED-LENGTH DATA ELEMENTS--GENERAL INFORMATION | |
| fixed length control field | 230519b |||||||| |||| 00| 0 eng d |
| 020 ## - INTERNATIONAL STANDARD BOOK NUMBER | |
| International Standard Book Number | 987-99936-777-1-1 |
| 082 ## - DEWEY DECIMAL CLASSIFICATION NUMBER | |
| Classification number | 954.98 |
| 100 ## - MAIN ENTRY--PERSONAL NAME | |
| Personal name | The National Museum of Bhutan |
| 245 ## - TITLE STATEMENT | |
| Title | Intangible Culture of Bhutan, |
| Remainder of title | The proceedings of the sixth colloquium |
| 250 ## - EDITION STATEMENT | |
| Edition statement | 2nd edition |
| 300 ## - PHYSICAL DESCRIPTION | |
| Extent | 650 p. |
| Dimensions | 23 cm |
| 942 ## - Added entry Elements (Koha) | |
| Source of classification or shelving scheme | Dewey Decimal Classification |
| Withdrawn status | Lost status | Source of classification or shelving scheme | Damaged status | Not for loan | Collection code | Home library | Current library | Shelving location | Date acquired | Serial Enumeration / chronology | Total Checkouts | Full call number | Barcode | Date last seen | Price effective from | Koha item type |
|---|---|---|---|---|---|---|---|---|---|---|---|---|---|---|---|---|
| Dewey Decimal Classification | Main TEST | RTC Library | RTC Library | Main opac | 19/05/2023 | 177415 | 954.98 NMB | 30018761 | 10/10/2023 | 19/05/2023 | Main |